Биологические основы повышения качества семян сельскохозяйственных растений : (Record no. 465342)
[ view plain ]
| 000 -LEADER | |
|---|---|
| fixed length control field | 01012nam a2200193 a 4500 |
| 001 - CONTROL NUMBER | |
| control field | 000741804 |
| 003 - CONTROL NUMBER IDENTIFIER | |
| control field | AM-YeHGA |
| 005 - DATE AND TIME OF LATEST TRANSACTION | |
| control field | 20250617161106.0 |
| 008 - FIXED-LENGTH DATA ELEMENTS--GENERAL INFORMATION | |
| fixed length control field | 100609s1964 ai | |||||||||||||rus|d |
| 040 ## - CATALOGING SOURCE | |
| Original cataloging agency | AM-YeHGA |
| 041 0# - LANGUAGE CODE | |
| Language code of text/sound track or separate title | rus |
| 090 ## - LOCALLY ASSIGNED LC-TYPE CALL NUMBER (OCLC); LOCAL CALL NUMBER (RLIN) | |
| -- | 468540 |
| 245 00 - TITLE STATEMENT | |
| Title | Биологические основы повышения качества семян сельскохозяйственных растений : |
| Remainder of title | Материалы научной сессии, состоявшейся 26-30 ноября 1963 г. в Москве / |
| Statement of responsibility, etc. | АН СССР; Ин-т физиологии растений им. К.А. Тимирязева; Отв. ред. А.Л. Курсанов. |
| 260 ## - PUBLICATION, DISTRIBUTION, ETC. | |
| Place of publication, distribution, etc. | М. : |
| Name of publisher, distributor, etc. | Наука, |
| Date of publication, distribution, etc. | 1964. |
| 300 ## - PHYSICAL DESCRIPTION | |
| Extent | 280 с. : |
| Other physical details | рис., табл. ; |
| Dimensions | 26 см. |
| 650 14 - SUBJECT ADDED ENTRY--TOPICAL TERM | |
| Topical term or geographic name entry element | Методы размножения культур |
| 700 1# - ADDED ENTRY--PERSONAL NAME | |
| Personal name | Курсанов, А.Л. |
| Relator term | ред. |
| Relationship | edt |
| 710 2# - ADDED ENTRY--CORPORATE NAME | |
| Corporate name or jurisdiction name as entry element | Институт физиологии растений им. К.А. Тимирязева АН СССР |
| Withdrawn status | Lost status | Damaged status | Not for loan | Collection | Home library | Current library | Date acquired | Total checkouts | Full call number | Barcode | Date last seen | Price effective from | Koha item type | Public note | Source of classification or shelving scheme |
|---|---|---|---|---|---|---|---|---|---|---|---|---|---|---|---|
| General | Fundamental Scientific Library | Fundamental Scientific Library | 16/02/2018 | PIII/17458 | FL0480905 | 16/02/2018 | 16/02/2018 | Գրքեր / Books | 30 Days Loan | ||||||
| General | Fundamental Scientific Library | Fundamental Scientific Library | 16/02/2018 | PIII/17720 | FL0481124 | 16/02/2018 | 16/02/2018 | Գրքեր / Books | 30 Days Loan | Universal Decimal Classification |
ՀՀ Գիտությունների ազգային ակադեմիայի հիմնարար գիտական գրադարան = Fundamental Scientific Library of NAS RA
All site content, except where otherwise noted, is licensed under a